00481nam a22001697a 4500999001900000005001700019010001300036020001500049035001300064037003000077082001100107100001600118245006500134260004700199300004000246942002500286 c160631d16063120190206165831.0 aA-463616 a8185047820 aA-463616 bReliance Publishing House a954.62 aSinha, A.C. aBhutan :bEthnic identity and national dilemma /cA.C. Sinha aNew DelhibReliance Publishing Housec1991 a258p. (it include index)c22cm(hbk) 2ddccENh954.62mSIN